000 00728nam a2200253Ia 4500
003 OSt
005 20220918202311.0
006 a|||||r|||| 00| 0
007 ta
008 220917b |||||||| |||| 00| 0 eng d
024 _a100,201
037 _cTextual
040 _aARTS
_cARTS
_beng
041 _2eng
_aeng
082 _aV2:72.D, L8
100 _aSharma Tej Ram
_9103137
245 0 _aPersonal and geographical names in the Gupta inscriptions
260 _aDelhi
_bConcept Publishing
_c1978
300 _axxvi, 378p. illus
_ccm.
500 _aAppendix p309--323 (I--V); Bibliography p324--358
650 _aHISTORY
942 _hV2:72.D, L8
_cTEXL
_2CC
999 _c223755
_d223755